Valls del Montcau : castellano - français castellano - français
Publicado:
Barcelona :
Diputació de Barcelona. Consorci per a la Promoció Turística de les Valls del Montcau ,
2006
Descripción Física:
1 f. plegat : il. col., fot., map. ; 25 cm pleg., 52 x 79 cm despleg.
Materias:
Valls del Montcau -- Guies
MARC
| LEADER | 00000nam a2200000Ia 4500 | ||
|---|---|---|---|
| 001 | 19405 | ||
| 008 | 160829s2006 xx 000 0 cat d | ||
| 080 | |a FU-5-59 | ||
| 245 | |a Valls del Montcau : |b castellano - français | ||
| 260 | |a Barcelona : |b Diputació de Barcelona. Consorci per a la Promoció Turística de les Valls del Montcau, |c 2006 | ||
| 300 | |a 1 f. plegat : |b il. col., fot., map. ; |c 25 cm pleg., 52 x 79 cm despleg. | ||
| 590 | |a Conté un mapa de la zona. | ||
| 590 | |a A la portada: Turisme Total. | ||
| 590 | |a Text en castellà i francès | ||
| 650 | |a Valls del Montcau |x Guies |9 41273 | ||
| 700 | |a Consorci per a la Promoció Turística de les Valls del Montcau |9 35506 | ||
| 710 | 1 | |a Barcelona (Catalunya : Província). |b Diputació |9 52408 | |
| 901 | |a Arxiu | ||
| 942 | |n 1 | ||
| 952 | |0 0 |1 0 |4 0 |6 FU559 |7 1 |9 53000 |a Arxiu |b Arxiu |d 2016-12-01 |l 0 |o FU-5-59 |p 19405 |r 2016-12-01 00:00:00 |w 2016-12-01 |y ARXIU | ||
| 999 | |c 56849 |d 56849 | ||